| 000 | 00798nam a2200205 a 4500 | ||
|---|---|---|---|
| 005 | 20210223122454.0 | ||
| 008 | 991125s1992 mx 000 0 spa u | ||
| 020 | _a9686104038 | ||
| 035 | _aUPN01000036073 | ||
| 049 | _aF | ||
| 050 | 4 |
_aLB5 _bT47 no.3 |
|
| 100 | 1 |
_aSandoval Flores, Etelvina _929949 |
|
| 245 | 1 | 4 |
_aLos maestros y su sindicato : _brelaciones y procesos cotidianos / _cEtelvina Sandoval Flores. |
| 260 |
_aMéxico : _bIPN, Centro de Investigación y de Estudios Avanzados, Departamento de Investigaciones Educativas _c1992 |
||
| 300 | _a114 p. | ||
| 440 | 0 |
_aTesis DIE ; _v3 |
|
| 502 | _aTesis (Maestría en Ciencias Especialidad en Educación) -- Instituto Politécnico Nacional, 1992 | ||
| 610 | 2 | 4 | _aSINDICATO NACIONAL DE TRABAJADORES DE LA EDUCACION (MEXICO) |
| 905 | _aLibro | ||
| 999 |
_c36073 _d36073 |
||